000 00286nam a22001217a 4500
008 170621b xxu||||| |||| 00| 0 eng d
041 _aeng
080 _a328
100 _a20
101 _aSHP
245 _aGOVERNMENT FAILURE APRIMER IN PUBLIC CHOISE
_cTULLOCK.G
942 _2udc
_cBK
999 _c18536
_d18536